| 000 | 00460nam a2200133 a 4500 | ||
|---|---|---|---|
| 008 | 120416s1978 ||||||||||||||||| || u | ||
| 050 | _aHF 5821 Fle | ||
| 100 | _aFletcher, Winston | ||
| 245 | 1 | 0 | _aAdvertising |
| 260 |
_aSuffolk _bHodder and Stoughton _c[1978] |
||
| 300 | _ax, 284p. | ||
| 350 | _a0.00 | ||
| 995 |
_D0.00 _FCBU-MAIN LIBRARY (Kitwe) _H1 _I0.00 _M1 _UAVAILABLE _ZMain Library Open Access Collection |
||
| 999 |
_c33627 _d33627 |
||